000 00829nas a2200265 4500
001 BR9100962
003 BR-BrBNA
005 20231205091936.0
007 ta
008 230509b bl.|||p| |||| 00| 00por d
040 _aBR-BrBNA
_bpor
_cBiblioteca Nacional de Agricultura
041 _a(Pt)
072 _aH10
100 1 _aMartins, J.F. da S.
100 1 _aPostaliparra, J.R.
100 1 _aMihsfeldt, L.H.
245 1 _aResistencia de arroz a broca-do-colmo; 1. avaliacao pela alimentacao de lagartas em pedacos de colmo
650 _aARROZ
650 _aBROCA DO COLMO
650 _aLAGARTA
650 _aVARIEDADE RESISTENTE
773 0 _tPesquisa Agropecuaria Brasileira (Brazil)
_xISSN 0100-204X
_g(Mar 1989), v. 24(3) p. 347-356
_wBR9100962
909 _a202311
_bLúcia
_c55
_dLúcia Elande
942 _2AGRIS
_n0
_cANA
999 _c128252
_d128252